Books Missing 'L' Words Quiz Stats

 Plays Quiz Updated Mar 5, 2020

Support Sporcle.
Go Orange.
Score 0/18 Timer 03:00
3 Plays Today
Hint Answer % Correct
Life
98.1%
List
97.7%
Line
97.5%
Lambs
97.4%
Looking
97.4%
Lay
95.7%
Letter
95%
Lighthouse
93.4%
Longstocking
92.9%
Hint Answer % Correct
Little
92.7%
Lost
92.5%
Lady
91.2%
Land
87.8%
Loathing
86.3%
Labour's
66.8%
Lieutenant's
59%
Laughs
21.5%
Leaves
15.2%

From the Vault

Eclipse Countries (2001-2025)

by pachy92

Science 5m
No special glasses required to take this quiz.
Remove Ads.
Support Sporcle.
Get the best of Sporcle when you Go Orange. This ad-free experience offers more features, more stats, and more fun while also helping to support Sporcle. Thank you for becoming a member.

Show Comments

Extras

Top Quizzes Today


Score Distribution

Your Account Isn't Verified!

In order to create a playlist on Sporcle, you need to verify the email address you used during registration. Go to your Sporcle Settings to finish the process.

Report this User

Report this user for behavior that violates our Community Guidelines.

Details: